000
00209 a2200097 4500
001
14565
100
_a
Sabhi Salikh
245
_a
Oloom-ul-Hadees
260
_a
Faisalabad
_b
Malik sons
_c
090
_c
11388
_d
11388
942
_a
NUST-CAE
_c
M
_c
1545
999
_c
249638
_d
249638